000 00831nam0a22002411 4500
001 RU\INFOCOMM_327\NLR\5000063883
005 20250613112614.0
035 _a(NLR Aleph) 009614068
090 _a9390531
_c9390531
100 _a20130318d1939 |||y0rusy50 ca
101 0 _afre
102 _aRU
105 _ay z |||||
200 1 _aLe Pays du socialisme aujourd'hui et demain
_eRapports et discours au XVIII*e Congrès du parti communiste (bolchévik) de l'U.R.S.S. 10-21 mars 1939
210 _aMoscou
_cÉditions en langues étrangères
_d1939
215 _a501, [2] с.; 12 л. портр.
_cтабл., портр.
_d22 см
620 _aМосква
712 0 2 _aPC(b)
_bCongrès
_d18
_eMoscou
_f1939
_4570
801 1 _aRU
_bInfocomm
_c20130318
801 0 _aRU
_bINFOCOMM
_gPSBO
852 _aNLR
_jD4/606
942 _cBOOK
980 _aNB